Been like this - Meghan Trainor &T-Pain - Lyrics - Statistiques

Statistiques générales
  • Ce quiz a été pris 3 fois
  • Le résultat moyen est 318 sur 438
Statistiques - réponses
HintVerse 2 Réponse % Correct
Bridge | Chorus 1 | Verse 2 a
100%
Bridge be
100%
Chorus 1 | Chorus 2 | Chorus 3 | Outro been
100%
Verse 1 booty
100%
Bridge by
100%
Chorus 2 | Pre-Chorus 1 'cause
100%
Chorus 1 | Chorus 2 | Chorus 3 | +2 others 'Cause
100%
Bridge | Pre-Chorus 1 | Pre-Chorus 2 | Verse 2 do
100%
Pre-Chorus 2 | Verse 1 | Verse 2 for
100%
Bridge get
100%
Pre-Chorus 2 go
100%
Chorus 2 | Pre-Chorus 2 | Verse 1 got
100%
Bridge have
100%
Chorus 1 | Chorus 2 | Chorus 3 | +5 others I
100%
Bridge if
100%
Bridge | Chorus 1 | Chorus 2 | Chorus 3 I'm
100%
Verse 1 | Verse 2 it
100%
Chorus 2 | Chorus 3 | Outro It
100%
Verse 1 life
100%
Bridge | Chorus 1 | Chorus 2 | +4 others like
100%
Pre-Chorus 1 Like
100%
Chorus 1 | Chorus 2 | Chorus 3 lips
100%
Verse 1 me ?
100%
Bridge | Chorus 2 | Chorus 3 | +2 others me
100%
Bridge | Chorus 2 | Chorus 3 | Outro my
100%
Bridge Not
100%
Pre-Chorus 1 | Verse 1 of
100%
Chorus 1 | Chorus 2 | Chorus 3 | +2 others on
100%
Verse 2 Shake
100%
Chorus 1 | Chorus 2 | Chorus 3 | +3 others that
100%
Pre-Chorus 2 | Verse 1 That
100%
Bridge | Chorus 2 | Pre-Chorus 1 | +2 others the
100%
Bridge | Verse 2 thing
100%
Chorus 1 | Chorus 2 | Chorus 3 | +4 others this
100%
Bridge | Chorus 2 | Pre-Chorus 1 | +2 others to
100%
Verse 2 wanna
100%
Pre-Chorus 1 | Pre-Chorus 2 when
100%
Verse 1 Who
100%
Pre-Chorus 2 who
100%
Bridge | Pre-Chorus 1 | Verse 2 you
100%
Bridge You
100%
Chorus 1 | Chorus 2 | Chorus 3 your
100%
Pre-Chorus 2 Your
100%
Chorus 1 Ain't
67%
Chorus 2 | Chorus 3 | Outro ain't
67%
Pre-Chorus 1 | Pre-Chorus 2 all
67%
Chorus 1 | Chorus 3 | Pre-Chorus 1 | Pre-Chorus 2 But
67%
Chorus 1 | Chorus 2 | Chorus 3 but
67%
Verse 2 can't
67%
Pre-Chorus 2 Don't
67%
Bridge don't
67%
Verse 2 in
67%
Pre-Chorus 1 it's
67%
Bridge name
67%
Chorus 1 | Chorus 2 | Chorus 3 | Outro nothin'
67%
Bridge | Pre-Chorus 1 Oh
67%
Chorus 3 | Verse 1 said
67%
Chorus 2 Said
67%
Pre-Chorus 1 | Verse 1 she
67%
Pre-Chorus 1 She
67%
Verse 1 So
67%
Pre-Chorus 2 that's
67%
Pre-Chorus 2 | Verse 2 up
67%
Verse 2 want
67%
Pre-Chorus 2 We
67%
Pre-Chorus 1 | Verse 2 what
67%
Bridge an
33%
Chorus 2 | Chorus 3 | Outro | +2 others and
33%
Verse 2 And
33%
Verse 2 Baby
33%
Pre-Chorus 2 | Verse 2 baby
33%
Verse 1 bass
33%
Verse 1 better
33%
Bridge bit
33%
Chorus 1 | Chorus 2 | Chorus 3 | Outro bitch
33%
Chorus 1 blow
33%
Verse 1 boom-boom
33%
Pre-Chorus 2 class
33%
Pre-Chorus 1 cute
33%
Verse 1 dear
33%
Verse 2 doin'
33%
Bridge excites
33%
Pre-Chorus 2 first
33%
Verse 2 fool
33%
Pre-Chorus 2 Heaven
33%
Verse 1 hold
33%
Verse 2 jiggle
33%
Verse 1 juicy
33%
Pre-Chorus 1 | Verse 1 keep
33%
Pre-Chorus 1 | Verse 2 know
33%
Bridge | Verse 2 little
33%
Verse 2 make
33%
Chorus 1 mouth
33%
Pre-Chorus 1 moves
33%
Bridge must
33%
Chorus 1 | Chorus 2 | Chorus 3 | Outro new
33%
Chorus 3 new,
33%
Verse 2 Now
33%
Outro Ooh
33%
Outro ooh
33%
Pre-Chorus 2 over
33%
Pre-Chorus 2 reservation
33%
Chorus 1 Run
33%
Pre-Chorus 1 she's
33%
Chorus 2 | Chorus 3 smack
33%
Bridge spicy
33%
Chorus 1 | Chorus 3 still
33%
Chorus 1 Take
33%
Chorus 2 | Chorus 3 Talk
33%
Pre-Chorus 2 two?
33%
Verse 1 type
33%
Pre-Chorus 1 why
33%
Bridge wifey
33%
Bridge with
33%
Verse 2 act
0%
Pre-Chorus 1 asking
0%
Pre-Chorus 1 blue?
0%
Pre-Chorus 1 bold
0%
Pre-Chorus 1 came
0%
Chorus 2 ceiling
0%
Pre-Chorus 1 classy
0%
Bridge darling
0%
Verse 2 exactly
0%
Chorus 2 filthy
0%
Verse 2 flight
0%
Pre-Chorus 2 goin'
0%
Verse 2 gonna
0%
Pre-Chorus 2 GRAMMYs
0%
Pre-Chorus 2 hands
0%
Pre-Chorus 1 hard
0%
Bridge I'ma
0%
Pre-Chorus 1 imagine
0%
Chorus 2 | Chorus 3 | Outro | +2 others just
0%
Chorus 1 kiss
0%
Pre-Chorus 1 knows
0%
Pre-Chorus 2 legend
0%
Pre-Chorus 2 levitation
0%
Verse 2 Makе
0%
Verse 2 Mеghan
0%
Verse 2 middle
0%
Chorus 2 money
0%
Bridge most
0%
Pre-Chorus 2 needs
0%
Bridge obsessed
0%
Pre-Chorus 1 out
0%
Verse 2 Pizzle
0%
Bridge popstar
0%
Bridge | Verse 2 Put
0%
Chorus 2 rich
0%
Pre-Chorus 2 'round
0%
Pre-Chorus 1 sassy
0%
Chorus 1 shots
0%
Pre-Chorus 2 stand
0%
Pre-Chorus 2 stress
0%
Pre-Chorus 2 these
0%
Pre-Chorus 1 Thick
0%
Pre-Chorus 2 Trippin'
0%
Pre-Chorus 2 | Verse 2 way
0%
Chorus 1 while
0%
Bridge X
0%
Aucun quiz correspondant
Distribution des résultats
% des personnes avec chaque résultat
Percentile par nombre de réponses
Votre historique - résultats
Vous n’avez pas pris ce quiz